Design of a flat plate solar water heater system with a storage facility / (Record no. 25174)
[ view plain ]
| 000 -LEADER | |
|---|---|
| fixed length control field | 00936ntm a22002297a 4500 |
| 005 - DATE AND TIME OF LATEST TRANSACTION | |
| control field | 20170809115510.0 |
| 008 - FIXED-LENGTH DATA ELEMENTS--GENERAL INFORMATION | |
| fixed length control field | 170802s2013 xx a frb 000 0 eng d |
| 040 ## - CATALOGING SOURCE | |
| Original cataloging agency | EG-ScBUE |
| Language of cataloging | eng |
| Transcribing agency | EG-ScBUE |
| 082 04 - DEWEY DECIMAL CLASSIFICATION NUMBER | |
| Edition number | 22 |
| Classification number | 621 |
| Item number | SOB |
| 100 1# - MAIN ENTRY--PERSONAL NAME | |
| Personal name | Sobhy, Michael Karam. |
| 245 10 - TITLE STATEMENT | |
| Title | Design of a flat plate solar water heater system with a storage facility / |
| Statement of responsibility, etc | by Michael Karam Sobhy, Abdelhamid Mostafa Ezz, Nour Eldine Ahmed Abdelmaboud. |
| 260 ## - PUBLICATION, DISTRIBUTION, ETC. (IMPRINT) | |
| Date of publication, distribution, etc | 2013. |
| 300 ## - PHYSICAL DESCRIPTION | |
| Extent | ix, 70 p. : |
| Other physical details | ill. (col.) ; |
| Dimensions | 28 cm. |
| 500 ## - GENERAL NOTE | |
| General note | Dissertation Submitted to the Faculty of Engineering. The British University in Egypt, in Partial Fulfillment of the Requirements for the Bachelor Degree in Mechanical Engineering. |
| 590 ## - LOCAL NOTE (RLIN) | |
| Local note | Basant mousa |
| 650 #7 - SUBJECT ADDED ENTRY--TOPICAL TERM | |
| Source of heading or term | BUEsh |
| Form subdivision | Projects |
| Topical term or geographic name as entry element | Mechanical Engineering |
| 653 ## - INDEX TERM--UNCONTROLLED | |
| Resource For college | Engineering, Mechanical |
| Arrived date list | August2017 |
| 655 ## - INDEX TERM--GENRE/FORM | |
| Form subdivision | |
| 700 1# - ADDED ENTRY--PERSONAL NAME | |
| Personal name | Ezz, Abdelhamid Mostafa. |
| 700 1# - ADDED ENTRY--PERSONAL NAME | |
| Personal name | Abdelmaboud, Nour Eldine Ahmed. |
| 942 ## - ADDED ENTRY ELEMENTS (KOHA) | |
| Source of classification or shelving scheme | Dewey Decimal Classification |
| Withdrawn status | Lost status | Source of classification or shelving scheme | Damaged status | Not for loan | Home library | Current library | Shelving location | Date acquired | Total Checkouts | Full call number | Barcode | Date last seen | Koha item type |
|---|---|---|---|---|---|---|---|---|---|---|---|---|---|
| Dewey Decimal Classification | Central Library | Central Library | Second Floor | 07/08/2017 | 621 SOB | 000046346 | 15/07/2025 | Projects - Students (NB) |